00239nam a22001097a 4500020001800000082001600018100002400034245002800058250000800086260002700094300000800121 a9788126542321 a621.384 MOW a Molisch,Andreas F. aWireless Communications a2nd aNew DelhibWileyc2021 a790